All 10k+ cities in California on a Map - Statistics

General Stats
  • This quiz has been taken 190 times
  • The average score is 152 of 375
Answers on the Map
Answers color-coded by a green-red scale on the quiz's map according to % correct below.
 
Answer Stats
City Population % Correct
Los Angeles 3,898,747
97%
San Francisco 873,965
97%
San Diego 1,386,932
96%
Sacramento 524,943
94%
Fresno 542,107
92%
San Jose 1,013,240
92%
Oakland 440,646
91%
Bakersfield 403,455
88%
Long Beach 466,742
87%
Anaheim 346,824
84%
Santa Ana 310,227
84%
Riverside 314,998
83%
San Bernardino 222,101
83%
Santa Barbara 88,665
83%
Chula Vista 275,487
82%
Irvine 307,670
81%
Stockton 320,804
81%
Modesto 218,464
77%
Orange 139,911
77%
Santa Clara 127,647
77%
Santa Clarita 228,673
77%
Huntington Beach 198,711
76%
Santa Rosa 178,127
75%
Berkeley 124,321
74%
Fremont 230,504
74%
Oxnard 202,063
74%
Pasadena 138,699
73%
Redding 93,611
73%
Santa Monica 93,076
72%
Glendale 196,543
71%
Oceanside 174,068
71%
Ventura 110,763
71%
Burbank 107,337
70%
Eureka 26,512
70%
Palmdale 169,450
70%
Pomona 151,713
69%
Rancho Cucamonga 174,453
69%
Santa Maria 109,707
69%
Thousand Oaks 126,966
68%
Chico 101,475
67%
Elk Grove 176,124
67%
Fontana 208,393
67%
Carlsbad 114,746
66%
Moreno Valley 208,634
66%
Torrance 147,067
66%
Inglewood 107,762
65%
Salinas 163,542
65%
Vallejo 126,090
65%
Chino 91,403
64%
Lancaster 173,516
64%
Ontario 175,265
64%
Palm Springs 44,575
64%
Compton 95,740
63%
Escondido 151,038
63%
Fullerton 143,617
63%
Palo Alto 68,572
63%
San Mateo 105,661
63%
Santa Cruz 62,956
63%
Sunnyvale 155,805
63%
Victorville 134,810
63%
Monterey 30,218
62%
San Luis Obispo 47,063
62%
Visalia 141,384
62%
Merced 86,333
61%
Napa 79,246
61%
Corona 157,136
60%
Hayward 162,954
60%
Simi Valley 126,356
60%
Daly City 104,901
59%
Garden Grove 171,949
59%
Malibu 10,654
59%
Temecula 110,003
59%
Downey 114,355
58%
Roseville 147,773
58%
Alameda 78,280
57%
Antioch 115,291
57%
Clovis 120,124
57%
Davis 66,850
57%
El Cajon 106,215
57%
Indio 89,137
57%
Jurupa Valley 105,053
57%
Palm Desert 51,163
57%
South San Francisco 66,105
57%
Yuba City 70,117
57%
Concord 125,410
56%
Richmond 116,448
56%
West Covina 109,501
54%
Calexico 38,633
53%
Covina 51,268
53%
Mission Viejo 93,653
53%
Newport Beach 85,239
53%
San Clemente 64,293
53%
San Rafael 61,271
53%
Vacaville 102,386
53%
El Monte 109,450
52%
Mountain View 82,376
52%
Redwood City 84,292
52%
Chino Hills 78,411
51%
Costa Mesa 111,918
51%
Murrieta 110,949
51%
Beverly Hills 32,701
50%
Carson 95,558
50%
Fairfield 119,881
50%
Hemet 89,833
50%
Hesperia 99,818
50%
Imperial 20,263
50%
Milpitas 80,273
50%
Norwalk 102,773
50%
Redondo Beach 71,576
50%
San Leandro 91,008
50%
San Marcos 94,833
50%
Tracy 93,000
50%
Whittier 87,306
50%
Bell 33,559
49%
Cupertino 60,381
49%
Livermore 87,955
49%
Yorba Linda 68,336
49%
Coachella 41,941
48%
Menifee 102,527
48%
Rialto 104,026
48%
San Ramon 84,605
48%
West Hollywood 35,757
48%
South Lake Tahoe 21,330
47%
Vista 98,381
47%
Westminster 90,911
47%
Apple Valley 75,791
46%
El Centro 44,322
46%
Gilroy 59,520
46%
San Fernando 23,946
46%
Tulare 68,875
46%
Alhambra 82,868
45%
Hawthorne 88,083
45%
Lakewood 82,496
45%
Madera 66,224
45%
Petaluma 59,776
45%
Redlands 73,168
45%
Brentwood 64,292
44%
Gardena 61,027
44%
Lodi 66,348
44%
San Bruno 43,908
44%
Walnut 28,430
44%
Camarillo 70,741
43%
Dublin 72,589
43%
Encinitas 62,007
43%
National City 56,173
43%
Pittsburg 76,416
43%
Pleasanton 79,871
43%
Rancho Cordova 79,332
43%
Upland 79,040
43%
Walnut Creek 70,127
43%
West Sacramento 53,915
43%
Aliso Viejo 52,176
42%
Barstow 25,415
42%
Buena Park 84,034
42%
Glendora 52,558
42%
Laguna Beach 23,032
42%
La Mesa 61,121
42%
Union City 70,143
42%
Watsonville 52,590
42%
Citrus Heights 87,583
41%
Laguna Niguel 64,355
41%
La Habra 63,097
41%
Lake Elsinore 70,265
41%
Manhattan Beach 35,506
41%
Manteca 83,498
41%
Turlock 72,740
41%
Twentynine Palms 28,065
41%
Yucaipa 54,542
41%
Baldwin Park 72,176
40%
Cathedral City 51,493
40%
Folsom 80,454
40%
Hanford 57,990
40%
Lompoc 44,444
40%
Monterey Park 61,096
40%
Novato 53,225
40%
San Jacinto 53,898
40%
Arcadia 56,681
39%
Azusa 50,000
39%
Bellflower 79,190
39%
Colton 53,909
39%
Culver City 40,779
39%
Diamond Bar 55,072
39%
Highland 56,999
39%
Perris 78,700
39%
Santee 60,037
39%
South Gate 92,726
39%
Susanville 16,728
39%
Truckee 16,729
39%
Beaumont 53,036
38%
California City 14,973
38%
Delano 51,428
38%
Huntington Park 54,883
38%
Lincoln 49,757
38%
Porterville 62,623
38%
Sonoma 10,739
38%
Woodland 61,032
38%
Blythe 18,317
37%
Coronado 20,192
37%
Dana Point 33,107
37%
Eastvale 69,757
37%
Lake Forest 85,858
37%
Pacifica 38,640
37%
Rancho Palos Verdes 42,287
37%
San Gabriel 39,568
37%
San Juan Capistrano 35,196
37%
Tustin 80,276
37%
El Segundo 17,272
36%
Fountain Valley 57,047
36%
Half Moon Bay 11,795
36%
Imperial Beach 26,137
36%
Lynwood 67,265
36%
Martinez 37,287
36%
Montebello 62,640
36%
Rocklin 71,601
36%
Calabasas 23,241
35%
Los Gatos 33,529
35%
Newark 47,529
35%
Poway 48,841
35%
Rancho Santa Margarita 47,949
35%
Campbell 43,959
34%
Claremont 37,266
34%
El Cerrito 25,962
34%
Placentia 51,824
34%
Bell Gardens 39,501
33%
East Palo Alto 30,034
33%
Paramount 53,733
33%
Pico Rivera 62,088
33%
Placerville 10,747
33%
Rohnert Park 44,390
33%
Brea 47,325
32%
Burlingame 31,386
32%
Hermosa Beach 19,728
32%
Morgan Hill 45,483
32%
San Dimas 34,924
32%
San Pablo 32,127
32%
Ukiah 16,607
32%
Arcata 18,857
31%
Cypress 50,151
31%
King City 13,332
31%
La Mirada 48,008
31%
Oakley 43,357
31%
Rosemead 51,185
31%
San Carlos 30,722
31%
Santa Paula 30,657
31%
Seal Beach 25,242
31%
Yucca Valley 21,738
31%
Auburn 13,776
30%
La Cañada Flintridge 20,573
30%
Laguna Hills 31,374
30%
Loma Linda 24,791
30%
Los Banos 45,532
30%
Palos Verdes Estates 13,347
30%
Red Bluff 14,710
30%
South Pasadena 26,943
30%
Brawley 26,416
29%
Cerritos 49,578
29%
Desert Hot Springs 32,512
29%
Lemon Grove 27,627
29%
Los Altos 31,625
29%
Menlo Park 33,780
29%
Ridgecrest 27,959
29%
San Marino 12,513
29%
Danville 43,582
28%
Hollister 41,678
28%
La Quinta 37,558
28%
Monrovia 37,931
28%
Seaside 32,366
28%
Agoura Hills 20,299
27%
Benicia 27,131
27%
Montclair 37,865
27%
Oroville 20,042
27%
Saratoga 31,051
27%
Signal Hill 11,848
27%
American Canyon 21,837
26%
Atascadero 29,773
26%
Banning 29,505
26%
Fortuna 12,516
26%
Foster City 33,805
26%
Goleta 32,690
26%
Lawndale 31,807
26%
Mill Valley 14,231
26%
Paso Robles 31,490
26%
Stanton 37,962
26%
Ceres 49,302
25%
Laguna Woods 17,644
25%
Marysville 12,844
25%
Moorpark 36,284
25%
Rancho Mirage 16,999
25%
Solana Beach 12,941
25%
Adelanto 38,046
24%
Marina 22,359
24%
Pacific Grove 15,090
24%
Port Hueneme 21,954
24%
San Anselmo 12,830
24%
South El Monte 19,567
24%
Carpinteria 13,264
23%
Emeryville 12,905
23%
Fillmore 16,419
23%
Hawaiian Gardens 14,149
23%
Healdsburg 11,340
23%
Hercules 26,016
23%
Hillsborough 11,387
23%
Lafayette 25,391
23%
Millbrae 23,216
23%
Morro Bay 10,757
23%
Orinda 19,514
23%
Albany 20,271
22%
Chowchilla 19,039
22%
Galt 25,383
22%
Kerman 16,016
22%
Los Alamitos 11,780
22%
Shasta Lake 10,371
22%
Soledad 24,925
22%
Suisun City 29,518
22%
Tehachapi 12,939
22%
Wasco 27,047
22%
Anderson 11,323
21%
Arroyo Grande 18,441
21%
La Puente 38,062
21%
Wildomar 36,875
21%
Commerce 12,378
20%
Grass Valley 14,016
20%
Norco 26,316
20%
Santa Fe Springs 19,219
20%
Belmont 28,335
19%
Temple City 36,494
19%
Oakdale 23,181
18%
Pleasant Hill 34,613
18%
Artesia 16,395
17%
Clearlake 16,685
17%
Cudahy 22,811
17%
Dixon 18,988
17%
Duarte 21,727
17%
Larkspur 13,064
17%
Maywood 25,138
17%
Piedmont 11,270
17%
Coalinga 17,590
16%
Grover Beach 12,701
16%
La Verne 31,334
16%
Lemoore 27,038
16%
Lomita 20,921
16%
Canyon Lake 11,082
15%
Greenfield 18,937
15%
Pinole 19,022
15%
Atwater 31,970
14%
Dinuba 24,563
14%
Kingsburg 12,380
14%
Lathrop 28,701
13%
Reedley 25,227
13%
Scotts Valley 12,224
13%
Arvin 19,495
12%
Mountain House 24,499
12%
Patterson 23,781
12%
Riverbank 24,865
12%
Sanger 26,617
12%
Sierra Madre 11,268
12%
Windsor 26,344
12%
Avenal 13,696
11%
Corte Madera 10,222
11%
McFarland 14,161
11%
Moraga 16,870
11%
Shafter 19,953
11%
Clayton 11,070
10%
Farmersville 10,397
10%
La Palma 15,581
10%
Ripon 16,013
10%
Corcoran 22,339
9%
Grand Terrace 13,150
9%
Selma 24,674
9%
Exeter 10,321
7%
Lindsay 12,659
7%
Livingston 14,172
6%
Mendota 12,595
6%
Newman 12,351
5%
Parlier 14,576
5%
No matching quizzes found
Score Distribution
Percent of People with Each Score
Percentile by Number Answered
Your Score History
You have not taken this quiz